<?xml version="1.0" encoding="UTF-8"?>
<record
    xmlns:xsi="http://www.w3.org/2001/XMLSchema-instance"
    xsi:schemaLocation="http://www.loc.gov/MARC21/slim http://www.loc.gov/standards/marcxml/schema/MARC21slim.xsd"
    xmlns="http://www.loc.gov/MARC21/slim">

  <leader>01507nam a2200241Ia 4500</leader>
  <controlfield tag="001">b5726-38778 </controlfield>
  <controlfield tag="003">IT-MiCISF</controlfield>
  <controlfield tag="005">20250326141206.0</controlfield>
  <controlfield tag="008">161014s9999||||xx |||||||||||||| ||und||</controlfield>
  <datafield tag="040" ind1=" " ind2=" ">
    <subfield code="a">IT-MiCISF</subfield>
    <subfield code="c">IT-MiCISF</subfield>
  </datafield>
  <datafield tag="041" ind1=" " ind2=" ">
    <subfield code="a">it</subfield>
  </datafield>
  <datafield tag="100" ind1=" " ind2=" ">
    <subfield code="a">Nicolli Sergio (a cura di)</subfield>
    <subfield code="9">59891</subfield>
  </datafield>
  <datafield tag="245" ind1=" " ind2="0">
    <subfield code="a">La casa cantiere di santit&#xE0;</subfield>
  </datafield>
  <datafield tag="260" ind1=" " ind2=" ">
    <subfield code="a"> Roma,</subfield>
    <subfield code="b">Citt&#xE0; Nuova,</subfield>
    <subfield code="c">2004</subfield>
  </datafield>
  <datafield tag="300" ind1=" " ind2=" ">
    <subfield code="a">pp. 407</subfield>
  </datafield>
  <datafield tag="500" ind1=" " ind2=" ">
    <subfield code="a"> pastorale-familiare, chiesa-domestica, abitazione, spiritualit&#xE0;-familiare</subfield>
  </datafield>
  <datafield tag="520" ind1=" " ind2=" ">
    <subfield code="a">La vita cristiana si snoda tra i due poli complementari della chiesa e della casa: la prima &#xE8; la casa della parrocchia, la seconda &#xE8; la chiesa della famiglia. E' tra questi due luoghi che si svolge la vita di fede nella sua pienezza di culto, di esperienza, di testimonianza, di condivisione e di incontro fraterno con il Signore. Dalla settima Settimana di studio sulla spiritualit&#xE0; coniugale e familiare una nutrita serie di riflessioni e approfondimenti su un argomento di grande interesse e attualit&#xE0;, condotta da esperti di teologia e pastorale.</subfield>
  </datafield>
  <datafield tag="650" ind1=" " ind2=" ">
    <subfield code="a">Pastorale-familiare</subfield>
    <subfield code="e">012</subfield>
  </datafield>
  <datafield tag="654" ind1=" " ind2=" ">
    <subfield code="a">saggio</subfield>
  </datafield>
  <datafield tag="700" ind1=" " ind2=" ">
    <subfield code="a">Lanfranconi D., Nicolli S., Castellano Cervera J., Bartolini E., Vivaldelli G., </subfield>
    <subfield code="a">Brambilla F.G., Mazzanti G., Pilloni F., Melina L., Gillini G., Zattoni M.T., </subfield>
    <subfield code="a">Bonetti R., Conori G.A., Crociani L., Di Nicola G.P., Danese A., Decarli A.,</subfield>
    <subfield code="a"> Martirani G., Palazzini C., Reggiani M., Bonaretti M., Gresleri G. </subfield>
    <subfield code="9">61994</subfield>
  </datafield>
  <datafield tag="942" ind1=" " ind2=" ">
    <subfield code="c">BK</subfield>
    <subfield code="2">ddc</subfield>
  </datafield>
  <datafield tag="999" ind1=" " ind2=" ">
    <subfield code="c">211390</subfield>
    <subfield code="d">211390</subfield>
  </datafield>
  <datafield tag="999" ind1=" " ind2=" ">
    <subfield code="b">si</subfield>
  </datafield>
  <datafield tag="952" ind1=" " ind2=" ">
    <subfield code="0">0</subfield>
    <subfield code="1">0</subfield>
    <subfield code="4">0</subfield>
    <subfield code="6">B_572638778</subfield>
    <subfield code="7">1</subfield>
    <subfield code="a">CISF</subfield>
    <subfield code="b">CISF</subfield>
    <subfield code="d">2016-10-14</subfield>
    <subfield code="l">0</subfield>
    <subfield code="o">b5726-38778 </subfield>
    <subfield code="r">2016-10-14 00:00:00</subfield>
    <subfield code="w">2016-10-14</subfield>
    <subfield code="y">BK</subfield>
    <subfield code="z">Data import 15.10.2016 / by Epidotti, Vaglietti</subfield>
  </datafield>
</record>
